The Tony Evans Bible commentary. (Record no. 21205)
[ view plain ]
| 000 -LEADER | |
|---|---|
| fixed length control field | 01562cam a2200409 i 4500 |
| 001 - CONTROL NUMBER | |
| control field | 22212374 |
| 003 - CONTROL NUMBER IDENTIFIER | |
| control field | OSt |
| 005 - DATE AND TIME OF LATEST TRANSACTION | |
| control field | 20260213111216.0 |
| 008 - FIXED-LENGTH DATA ELEMENTS--GENERAL INFORMATION | |
| fixed length control field | 210901s2019 tnu 000 0 eng d |
| 010 ## - LIBRARY OF CONGRESS CONTROL NUMBER | |
| LC control number | 2020277600 |
| 020 ## - INTERNATIONAL STANDARD BOOK NUMBER | |
| International Standard Book Number | 0805499423 |
| 020 ## - INTERNATIONAL STANDARD BOOK NUMBER | |
| International Standard Book Number | 9780805499421 |
| 035 ## - SYSTEM CONTROL NUMBER | |
| System control number | 22212374 |
| 035 ## - SYSTEM CONTROL NUMBER | |
| System control number | (OCoLC)1089257720 |
| 040 ## - CATALOGING SOURCE | |
| Original cataloging agency | YDX |
| Language of cataloging | eng |
| Transcribing agency | YDX |
| Description conventions | rda |
| Modifying agency | CLE |
| -- | OCLCF |
| -- | OCLCQ |
| -- | BDX |
| -- | DTM |
| -- | DLC |
| 042 ## - AUTHENTICATION CODE | |
| Authentication code | lccopycat |
| 050 00 - LIBRARY OF CONGRESS CALL NUMBER | |
| Classification number | BS491.3 |
| Item number | .E83 2019 |
| 100 1# - MAIN ENTRY--PERSONAL NAME | |
| Personal name | Evans, Tony, |
| Dates associated with a name | 1949- |
| Relator term | author. |
| 245 14 - TITLE STATEMENT | |
| Title | The Tony Evans Bible commentary. |
| 264 #1 - PRODUCTION, PUBLICATION, DISTRIBUTION, MANUFACTURE, AND COPYRIGHT NOTICE | |
| Place of production, publication, distribution, manufacture | Nashville, Tennessee : |
| Name of producer, publisher, distributor, manufacturer | Holman Bible Publishers, |
| Date of production, publication, distribution, manufacture, or copyright notice | [2019] |
| 300 ## - PHYSICAL DESCRIPTION | |
| Extent | 1429 pages ; |
| Dimensions | 24 cm |
| 336 ## - CONTENT TYPE | |
| Content type term | text |
| Content type code | txt |
| Source | rdacontent |
| 337 ## - MEDIA TYPE | |
| Media type term | unmediated |
| Media type code | n |
| Source | rdamedia |
| 338 ## - CARRIER TYPE | |
| Carrier type term | volume |
| Carrier type code | nc |
| Source | rdacarrier |
| 490 1# - SERIES STATEMENT | |
| Series statement | Holman reference |
| 500 ## - GENERAL NOTE | |
| General note | "Some material in the Bible book introductions was previously published in the Holman illustrated Bible commentary ... used by permission"--Title page verso. |
| 630 00 - SUBJECT ADDED ENTRY--UNIFORM TITLE | |
| Uniform title | Bible |
| Form subdivision | Commentaries. |
| 630 07 - SUBJECT ADDED ENTRY--UNIFORM TITLE | |
| Uniform title | Bible. |
| Source of heading or term | fast |
| Authority record control number | (OCoLC)fst01356024 |
| 655 #7 - INDEX TERM--GENRE/FORM | |
| Genre/form data or focus term | Commentaries. |
| Source of term | fast |
| Authority record control number | (OCoLC)fst01423723 |
| 655 #7 - INDEX TERM--GENRE/FORM | |
| Genre/form data or focus term | Commentaries. |
| Source of term | lcgft |
| Authority record control number | https://id.loc.gov/authorities/genreForms/gf2025026014 |
| 730 02 - ADDED ENTRY--UNIFORM TITLE | |
| Uniform title | Holman illustrated bible commentary. |
| Relationship information | Includes information from (work): |
| 830 #0 - SERIES ADDED ENTRY--UNIFORM TITLE | |
| Uniform title | Holman reference. |
| 906 ## - LOCAL DATA ELEMENT F, LDF (RLIN) | |
| a | 7 |
| b | cbc |
| c | copycat |
| d | 2 |
| e | ncip |
| f | 20 |
| g | y-gencatlg |
| 942 ## - ADDED ENTRY ELEMENTS (KOHA) | |
| Source of classification or shelving scheme | Library of Congress Classification |
| Koha item type | General Collection |
| Withdrawn status | Lost status | Source of classification or shelving scheme | Not for loan | Home library | Current library | Shelving location | Date acquired | Source of acquisition | Inventory number | Total Checkouts | Full call number | Barcode | Date last seen | Copy number | Price effective from | Koha item type |
|---|---|---|---|---|---|---|---|---|---|---|---|---|---|---|---|---|
| Library of Congress Classification | Kabarak, Main Campus | Kabarak, Main Campus | General Stacks | 13/02/2026 | Donation | 2025/3403 | BS491.3 .E83 2019 C.1 | 38567 | 13/02/2026 | C.1 | 13/02/2026 | General Collection |